| 000 | 00363nam a2200145Ia 4500 | ||
|---|---|---|---|
| 003 | GCL | ||
| 005 | 20240530105325.0 | ||
| 008 | 140319s9999 xx 000 0 ara d | ||
| 040 |
_aGCL / _cGCL |
||
| 082 | 0 | 4 |
_a370.156 _bف ا |
| 245 | 1 | 0 | _a000000000000 |
| 260 |
_a[S.N] : _bمكتبة النهضة المصرية ، _c1987 |
||
| 300 | _a127 ص | ||
| 942 |
_2ddc _cBK |
||
| 999 |
_c54919 _d54919 |
||